[Event "Junior Online 4NCL Division 5"]
[Site "online"]
[Date "2020.06.04"]
[Round "8.108"]
[White "Sundararaju, Ritvik"]
[Black "Fairrie, Ralph"]
[Result "1-0"]
[WhiteElo "737"]
[BlackElo "1000"]
[PlyCount "49"]
[EventDate "2020.06.04"]
[WhiteTeam "Uxbridge Juniors C"]
[BlackTeam "Surrey Kings 1"]

1. e4 e5 2. Bb5 Qe7 3. Nf3 Qf6 4. Nc3 Bc5 5. Na4 Ne7 6. Nxc5 b6 7. Na4 c6 8.
Bc4 a6 9. b4 b5 10. Nb6 Ra7 11. Bd3 Rb7 12. Nxc8 O-O 13. Nxe7+ Kh8 14. Nf5 g6
15. Ng3 g5 16. a4 bxa4 17. c4 Rxb4 18. Rxa4 Rxa4 19. Qxa4 Qd6 20. Ke2 c5 21.
Qa1 Nc6 22. Nf5 Qg6 23. Bb2 Nb4 24. Bxe5+ Kg8 25. Ne7# 1-0

[Event "Junior Online 4NCL Division 5"]
[Site "online"]
[Date "2020.06.04"]
[Round "8.109"]
[White "Chopra, Nipun"]
[Black "Lee, Damin"]
[Result "0-1"]
[WhiteElo "775"]
[BlackElo "1150"]
[PlyCount "44"]
[EventDate "2020.06.04"]
[WhiteTeam "Uxbridge Juniors C"]
[BlackTeam "Surrey Kings 1"]

1. e4 e5 2. Bc4 Nf6 3. d3 Nc6 4. Bg5 Be7 5. Bxf6 Bxf6 6. Qf3 O-O 7. Qh3 d5 8.
g4 dxc4 9. Nf3 Nb4 10. Kd1 Be6 11. c3 Nxd3 12. Rf1 Nxb2+ 13. Kc2 Nd3 14. Rh1
Nxf2 15. Qh5 Nxh1 16. Nbd2 Nf2 17. Rg1 Qd3+ 18. Kc1 Qxc3+ 19. Kb1 Nd3 20. Nxc4
Qxc4 21. a3 Qb3+ 22. Ka1 Qa2# 0-1

[Event "Junior Online 4NCL Division 5"]
[Site "online"]
[Date "2020.06.04"]
[Round "8.110"]
[White "Flanders, William"]
[Black "Bhargava, Aarav"]
[Result "0-1"]
[WhiteElo "1112"]
[BlackElo "820"]
[PlyCount "36"]
[EventDate "2020.06.04"]
[WhiteTeam "Surrey Kings 1"]
[BlackTeam "Uxbridge Juniors C"]

1. e3 e5 2. Qf3 Qe7 3. Nh3 Nc6 4. d4 Nb4 5. Na3 Nxc2+ 6. Nxc2 exd4 7. g4 d5 8.
g5 dxe3 9. fxe3 h6 10. gxh6 Rxh6 11. Qf4 Rf6 12. Qh4 Bxh3 13. Qxh3 Rf5 14. Qh8
Nf6 15. Qh3 g6 16. Bg2 d4 17. Nxd4 O-O-O 18. b3 Rxd4 0-1

[Event "Junior Online 4NCL Division 5"]
[Site "online"]
[Date "2020.06.04"]
[Round "8.115"]
[White "Pearn, Alex"]
[Black "Syposz, Iza"]
[Result "1-0"]
[WhiteElo "593"]
[BlackElo "1007"]
[PlyCount "41"]
[EventDate "2020.06.04"]
[WhiteTeam "PSE Tigers"]
[BlackTeam "Cambridge Chess & Go C"]

1. d4 e6 2. e4 Bb4+ 3. c3 Bd6 4. e5 Be7 5. Nf3 Nh6 6. c4 Bb4+ 7. Bd2 Bxd2+ 8.
Qxd2 O-O 9. d5 exd5 10. cxd5 Nf5 11. Bd3 d6 12. exd6 cxd6 13. Bxf5 Bxf5 14. Nc3
Na6 15. Qf4 Bd3 16. Rd1 Bg6 17. O-O Bc2 18. Ng5 Bxd1 19. Nxd1 g6 20. Qh4 Nb4
21. Qxh7# 1-0

[Event "Junior Online 4NCL Division 5"]
[Site "online"]
[Date "2020.06.04"]
[Round "8.117"]
[White "Thomas, Poppy"]
[Black "Soni, Raghhav"]
[Result "1-0"]
[WhiteElo "415"]
[BlackElo "925"]
[PlyCount "223"]
[EventDate "2020.06.04"]
[WhiteTeam "PSE Tigers"]
[BlackTeam "Cambridge Chess & Go C"]

1. e4 e5 2. Qg4 d6 3. Qe2 Qg5 4. f4 exf4 5. e5 dxe5 6. Qb5+ Bd7 7. Qxb7 Bc6 8.
Qxc6+ Nxc6 9. Bb5 Qg6 10. Bxc6+ Qxc6 11. Nf3 Qb6 12. Nxe5 f6 13. Nd3 Qc6 14.
Nxf4 Qxc2 15. Ke2 Qc6 16. Kd1 Qxg2 17. Re1+ Be7 18. Nxg2 Rb8 19. h4 f5 20. d4
f4 21. Nxf4 Kf8 22. Nd5 Rc8 23. Nxe7 Ke8 24. Nxc8+ Kf8 25. Rf1+ Ke8 26. Nc3 Kd8
27. Nxa7 Kd7 28. Rf7+ Ne7 29. Bf4 Ke6 30. Bxc7 Kxf7 31. Rc1 Rc8 32. Nxc8 Nxc8
33. Nd5 Nd6 34. Bxd6 Ke6 35. Bb4 Kxd5 36. Rc5+ Kxd4 37. Rc1 Kd5 38. Bc3 Kc4 39.
Ba5+ Kb5 40. Bd8 Ka6 41. Rc6+ Kb5 42. Rb6+ Kc5 43. Rb8 g5 44. Rc8+ Kd6 45. Bxg5
Kd7 46. Ra8 Kc7 47. Bf4+ Kb7 48. Ra5 Kb6 49. Bd2 Kb7 50. Rb5+ Kc6 51. Rb8 Kc7
52. Bf4+ Kc6 53. Rc8+ Kb7 54. Rh8 Kc6 55. Bb8 Kb7 56. b3 h6 57. Bd6 Kc6 58. Bf8
Kd7 59. Bxh6 Kc6 60. a3 Kc5 61. b4+ Kb5 62. Rb8+ Ka4 63. b5 Kxa3 64. Ra8+ Kb4
65. Bg7 Kxb5 66. Rb8+ Ka6 67. h5 Ka7 68. Re8 Kb7 69. h6 Kc7 70. Re5 Kd7 71. h7
Kd8 72. h8=Q+ Kd7 73. Qh5 Kd6 74. Re8 Kd7 75. Rh8 Ke7 76. Qg5+ Kf7 77. Qh6 Ke7
78. Bf8+ Kd7 79. Bc5 Kc7 80. Qh7+ Kc6 81. Be7 Kb5 82. Qh5+ Kc4 83. Rg8 Kd4 84.
Rg4+ Kc3 85. Qc5+ Kb3 86. Rg3+ Kb2 87. Qc1+ Ka2 88. Rg2+ Kb3 89. Ba3 Ka4 90.
Qc4+ Kxa3 91. Qa2+ Kb4 92. Rg4+ Kc5 93. Rg5+ Kd6 94. Qa3+ Ke6 95. Rg8 Kf7 96.
Qb3+ Ke7 97. Qb7+ Ke6 98. Rg6+ Ke5 99. Qb2+ Kf5 100. Rg1 Ke6 101. Qb6+ Kd5 102.
Qd8+ Kc6 103. Qa8+ Kc7 104. Rg8 Kd7 105. Rg7+ Ke6 106. Rg8 Kf6 107. Qf8+ Ke6
108. Rh8 Ke5 109. Qf3 Ke6 110. Qh5 Ke7 111. Rh7+ Kf8 112. Qf7# 1-0

[Event "Junior Online 4NCL Division 5"]
[Site "online"]
[Date "2020.06.04"]
[Round "8.118"]
[White "Athukorala, Mayumee"]
[Black "Howell, Lloyd"]
[Result "0-1"]
[WhiteElo "850"]
[BlackElo "426"]
[PlyCount "72"]
[EventDate "2020.06.04"]
[WhiteTeam "Cambridge Chess & Go C"]
[BlackTeam "PSE Tigers"]

1. d4 d5 2. Nf3 Nf6 3. Nc3 Nc6 4. a4 Bg4 5. h3 Bh5 6. Bf4 e5 7. Be3 exd4 8. Bf4
dxc3 9. bxc3 Bc5 10. g3 Ne4 11. Bg2 Nxf2 12. O-O Nxd1+ 13. Kh2 Nb2 14. Rfb1 Nc4
15. Rh1 Ba3 16. Bf1 O-O 17. Re1 N6e5 18. Bxe5 Nxe5 19. Nxe5 f6 20. Nf3 Bd6 21.
Kg2 f5 22. g4 Bg6 23. c4 dxc4 24. h4 Bf7 25. h5 g6 26. Rd1 fxg4 27. Ng5 Bd5+
28. Kg1 Bxh1 29. Kxh1 gxh5 30. Ne4 Bf4 31. Ng5 Qxd1 32. Kg2 Bxg5 33. a5 Rxf1
34. Kg3 Qxc2 35. Kh2 Qxe2+ 36. Kg3 Rf3# 0-1

[Event "Junior Online 4NCL Division 5"]
[Site "online"]
[Date "2020.06.04"]
[Round "8.119"]
[White "Syposz, Iza"]
[Black "Pearn, Alex"]
[Result "0-1"]
[WhiteElo "1007"]
[BlackElo "593"]
[PlyCount "38"]
[EventDate "2020.06.04"]
[WhiteTeam "Cambridge Chess & Go C"]
[BlackTeam "PSE Tigers"]

1. e4 e5 2. Nf3 Nc6 3. Bb5 Nf6 4. O-O Nxe4 5. Bxc6 dxc6 6. Nxe5 Bd6 7. Ng4 Bxg4
8. Qxg4 O-O 9. Qxe4 g6 10. Qe1 Qh4 11. g3 Qd4 12. Qd1 Rae8 13. Re1 Rxe1+ 14.
Qxe1 Bc5 15. Qe3 Qd5 16. Qd3 Qe5 17. Kg2 Qf6 18. Nc3 Qxf2+ 19. Kh1 Qg1# 0-1

[Event "Junior Online 4NCL Division 5"]
[Site "online"]
[Date "2020.06.04"]
[Round "8.121"]
[White "Soni, Raghhav"]
[Black "Thomas, Poppy"]
[Result "0-1"]
[WhiteElo "925"]
[BlackElo "415"]
[PlyCount "92"]
[EventDate "2020.06.04"]
[WhiteTeam "Cambridge Chess & Go C"]
[BlackTeam "PSE Tigers"]

1. e4 e5 2. Nf3 Nf6 3. Nc3 Nc6 4. Bd3 Bc5 5. g4 Nxg4 6. Rg1 Nxh2 7. Rh1 Nxf3+
8. Qxf3 f5 9. Qxf5 d5 10. exd5 Bxf5 11. dxc6 Bg4 12. Rg1 Bh3 13. Rxg7 Bf8 14.
Rg3 Bf5 15. Bxf5 Bh6 16. Rh3 Bf4 17. Rh4 Qxh4 18. Be4 Qh1+ 19. Bxh1 O-O-O 20.
Be4 Rdg8 21. Ke2 Rg1 22. d3 b5 23. Bxf4 exf4 24. Rxg1 f3+ 25. Kxf3 b4 26. Na4
a5 27. Bd5 Rd8 28. Be4 h5 29. Rh1 Rh8 30. Rh3 h4 31. Rh1 h3 32. Nc5 a4 33. Ne6
h2 34. Nf8 Rxf8+ 35. Kg2 Rh8 36. d4 a3 37. f4 axb2 38. Rb1 h1=Q+ 39. Kg3 Qxb1
40. c3 Qxe4 41. a4 Rg8+ 42. Kf2 Qh1 43. f5 b1=Q 44. f6 Qf5+ 45. Ke3 Qg1+ 46.
Ke2 Rg2# 0-1

[Event "Junior Online 4NCL Division 5"]
[Site "online"]
[Date "2020.06.04"]
[Round "8.125"]
[White "Tang, Kei Hon"]
[Black "Mansouri, Lily"]
[Result "0-1"]
[WhiteElo "775"]
[BlackElo "346"]
[PlyCount "82"]
[EventDate "2020.06.04"]
[WhiteTeam "Uxbridge Juniors B2"]
[BlackTeam "PSE Jaguars"]

1. Nf3 Nc6 2. Nc3 Nf6 3. d4 d5 4. e3 e5 5. dxe5 Nh5 6. g4 Be7 7. gxh5 Bd7 8.
Nxd5 O-O 9. Ng5 h6 10. Nf3 Nb4 11. Nxb4 Bg4 12. Qxd8 Raxd8 13. e4 Bxf3 14. Rg1
Bxe4 15. f3 Bxf3 16. Rg3 Bxb4+ 17. c3 Rd1+ 18. Kf2 Be4 19. Bh3 Bc5+ 20. Ke2 Rh1
21. b4 Bb6 22. Rg4 Rxh2+ 23. Kf1 Bf3 24. Rg3 Bxh5 25. a4 Bf2 26. Rf3 Bxf3 27.
Bf4 Rxh3 28. Kxf2 Rd8 29. Ra2 Bc6 30. b5 Bd5 31. Rc2 Bc4 32. Kg2 Re3 33. Bxe3
Bb3 34. Rb2 Bxa4 35. Bxa7 Rd5 36. Re2 Bxb5 37. Re4 Rd3 38. Bd4 Ba6 39. e6 fxe6
40. Rxe6 Bc4 41. Re8+ Kf7 0-1